علم العقاقير : (رقم التسجيلة. 33962)
[ عرض عادي ]
| 000 -الفاتح | |
|---|---|
| حقل البيانات ثابتة الطول | 00726nam a22002057a 4500 |
| 003 - محدد رقم الضبط | |
| رقم الضبط | OSt |
| 005 - وقت وتاريخ اخر تعامل مع التسجيلة | |
| رقم الضبط | 20150408114209.0 |
| 008 - عناصر البيانات ثابتة الطول - معلومات عامة | |
| حقل البيانات ثابتة الطول | 140112s 2010jo a g |||| 00| 0 ara d |
| 040 ## - مصدر الفهرسة | |
| وكالة الفهرسة الأصلية | ma-un |
| 082 ## - رقم تصنيف ديوى العشرى | |
| رقم الطبعة | 21 |
| رقم التصنيف | 615.32 |
| رقم المادة | ر ط ع |
| 100 ## - المدخل الرئيسى - إسم شخصى | |
| الإسم الشخصى | أبو رجيع، طلال |
| 9 (RLIN) | 42260 |
| 245 ## - بيان العنوان | |
| العنوان | علم العقاقير : |
| بيان المسئوليه,etc | طلال أبو رجيع، غسان حجاوي. |
| بقية العنوان | النباتات الطبية : الجزء العلمي / |
| 260 ## - PUBLICATION, DISTRIBUTION, ETC. (IMPRINT) | |
| مكان الناشر او الموزع | الاردن ، عمان : |
| اسم الناشر او الموزع | دار الشروق، |
| تاريخ النشر أو التوزيع | 2010 |
| 300 ## - الوصف المادى | |
| التعداد | 291 ص. : |
| أبعاد الوعاء | 24 سم ، |
| المادة المصاحبة | ايض. ؛ |
| 300 ## - الوصف المادى | |
| نوع الوحدة | 291 ص. ؛ |
| 650 ## - المدخل الاضافى بالموضوع-مصطلح موضوعى | |
| مصطلح موضوعي أو اسم جغرافي كعنصر مدخل | علم العقاقير |
| 9 (RLIN) | 42261 |
| 650 ## - المدخل الاضافى بالموضوع-مصطلح موضوعى | |
| مصطلح موضوعي أو اسم جغرافي كعنصر مدخل | النباتات الطبية |
| 700 ## - المدخل الاضافى - اسم شخصى | |
| الإسم الشخصى | حجاوي، غسان |
| 9 (RLIN) | 42262 |
| 942 ## - عناصر المدخل الإضافي( كوها) | |
| مصدر التصنيف او مخطط الترفيف | Dewey Decimal Classification |
| Koha [default] item type | كتاب |
| حالة الفقد | نموذج السعر الفعال | حالة تلف | ليس للاعارة | رقم الطلب | تاريخ الاكتساب | الموقع الحالي | الباركود | الفرع الرئيسي | Date last seen | نوع المادة فى نظام كوها | مصدر التصنيف او خطة الترفيف | Total Checkouts |
|---|---|---|---|---|---|---|---|---|---|---|---|---|
| 2014-02-27 | 615.32 ر ط ع | 2014-02-27 | المكتبة المركزية بالمجمعة (CL) | 00127635 | المكتبة المركزية بالمجمعة (CL) | 2014-02-27 | كتاب | Dewey Decimal Classification | ||||
| 2014-02-27 | 615.32 ر ط ع | 2014-02-27 | المكتبة المركزية بالمجمعة (CL) | 00127636 | المكتبة المركزية بالمجمعة (CL) | 2014-02-27 | كتاب | Dewey Decimal Classification | ||||
| 2014-02-27 | 615.32 ر ط ع | 2014-02-27 | المكتبة المركزية بالمجمعة (CL) | 00127637 | المكتبة المركزية بالمجمعة (CL) | 2014-02-27 | كتاب | Dewey Decimal Classification |
